000 00310nam a2200121Ia 4500
008 150731s2009 xx 000 0 und d
082 _a618.2
_bR 09 R
100 _aRAO,MARTHA BHASKAR
245 _aRECENT ADVANCES IN KSARASUTRA
260 _bCHAUKHAMBHA PUB. NEW DELHI
_c2009
300 _a357
942 _2ddc
_cBK
999 _c7755
_d7755